Coal in India / (Record no. 4884)
[ view plain ]
| 000 -LEADER | |
|---|---|
| fixed length control field | 00945cam a2200181ua 4500 |
| 041 ## - LANGUAGE CODE | |
| Language code of text/sound track or separate title | eng |
| 082 ## - DEWEY DECIMAL CLASSIFICATION NUMBER | |
| Classification number | 553.24 |
| Item number | PUB/CO |
| 245 ## - TITLE STATEMENT | |
| Title | Coal in India / |
| 260 ## - PUBLICATION, DISTRIBUTION, ETC. (IMPRINT) | |
| Place of publication | India : |
| Name of publisher | Ministry of I&B, Govt. of India , |
| Year of publication | 1986. |
| 300 ## - PHYSICAL DESCRIPTION | |
| Number of Pages | 31 ; . |
| 942 ## - ADDED ENTRY ELEMENTS (KOHA) | |
| Koha item type | Books |
| Withdrawn status | Lost status | Damaged status | Home library | Current library | Date acquired | Full call number | Accession Number | Koha item type | Public note |
|---|---|---|---|---|---|---|---|---|---|
| Withdrawn | KAUAET | KAUAET | 07/04/2012 | 553.24 PUB/CO | 9774 | Books | Deleted | ||
| KAUAET | KAUAET | 07/04/2012 | 553.24 PUB/CO | 9775 | Books |
